000 01342nam a2200205Ia 4500
003 Ost
005 20260416102359.0
008 260416s9999||||xx |||||||||||||| ||und||
040 _cfsecg
041 _aara
082 _a364.1323
100 _aمحمدي، صبيحة
_eمؤلف
245 0 _aدروس في مقياس قانون محاربة الفساد :
_bمطبوعة موجهة لطلبة السنة الاولى ماستر 1 علوم اقتصادية /
_c صبيحة محمدي
260 _aالجزائر
_bجامعة الجزائر3: كلية العلوم الإقتصادية، العلوم التجارية وعلوم التسيير
_c2022
300 _a146 ورقة
_bايضاحات
_c30 سم
520 _aجوهر الفساد ، انواع الفساد ، مظاهر الفساد ، أسباب الفساد ، آثار الفساد الاداري و المالي ، محاربة الفساد من طرف الهيئات و المنظمات الدولية و المحلية ، أهم اساليب مكافحة الفساد ، نمادج لتجارب بعض الدول في مكافحة الفساد.
653 _aالفساد الاداري
710 _aجامعة الجزائر3: كلية العلوم الإقتصادية، العلوم التجارية وعلوم التسيير
_eناشر علمي
942 _cHANDOUT
999 _c41343
_d41343